00635nam a2200193Ia 4500999001500000020001800015082001600033245005400049260003900103300001000142504001900152650003600171650003000207650002000237650003200257700002800289942000700317952011700324 c2445d2445 a81-7648-149-1 a954.04 FIF; 0aFifty years of Indian independence and the polity aNew DelhibA.P.H. Publishingc2000 a249p. aIncludes index aIndia - Politics and government aIndia - Social conditions aIndia - History aIndia - Economic conditions aSastry, T. Suryanarayan cBK 00104070aNASSDOCbNASSDOCd2004-06-08i2004-10-05l0o954.04 FIF;p37420r2019-04-18 00:00:00w2019-04-18yBK